| 000 | 00990nam a22002297a 4500 | ||
|---|---|---|---|
| 999 |
_c8140 _d8140 |
||
| 003 | AR-CdUCM | ||
| 008 | 190322b ||||| |||| 00| 0 spa d | ||
| 040 |
_aMUNICIPALIDAD PROVINCIAL DEL CUSCO _cBIBLIOTECA MUNICIPAL DEL CUSCO |
||
| 082 |
_a375.4208 / _bM64 |
||
| 100 |
_aMiro Quesada, Oscar _922976 |
||
| 245 | _aNueva Imagen del Mundo Fisico / | ||
| 260 |
_aLima : _bEdiciones del Ministerio de Educación Pública, _c1958. |
||
| 300 |
_a156 paginas ; _bdibujos, _c17 cm. |
||
| 440 |
_aBiblioteca del estudiante peruano _n8 _922977 |
||
| 505 | _aContenido: Contenido: t.1. La teoría de la relatividad y la ciencia. La teoría de la relatividad generalizada. Continuidad y discontinuidad -- t.2. El átomo. Electricidad y propulsión atómica. Los isótopos artificiales -- t.8 teoria de la relatividad -- continuidad y descontinuidad | ||
| 650 |
_aMundo _9597 |
||
| 650 |
_aFisico _922978 |
||
| 650 |
_aMundial _911401 |
||
| 650 |
_aPerú _935 |
||
| 942 |
_2ddc _cLIBROS |
||
| 945 | _apjha | ||